The life of Christ : (Record no. 972)

MARC details
000 -LEADER
fixed length control field 01418cam a2200349 a 4500
005 - DATE AND TIME OF LATEST TRANSACTION
control field 20260322212041.0
008 - FIXED-LENGTH DATA ELEMENTS--GENERAL INFORMATION
fixed length control field data
010 ## - LIBRARY OF CONGRESS CONTROL NUMBER
LC control number 89031796
020 ## - INTERNATIONAL STANDARD BOOK NUMBER
International Standard Book Number 0870995499 :
Terms of availability {dollar}22.50
020 ## - INTERNATIONAL STANDARD BOOK NUMBER
International Standard Book Number 0684191423 (Scribner)
020 ## - INTERNATIONAL STANDARD BOOK NUMBER
International Standard Book Number 9780684191423 (Scribner)
020 ## - INTERNATIONAL STANDARD BOOK NUMBER
International Standard Book Number 9780870995491 :
Terms of availability {dollar}22.50
040 ## - CATALOGING SOURCE
Original cataloging agency DLC
Transcribing agency DLC
Modifying agency DLC
043 ## - GEOGRAPHIC AREA CODE
Geographic area code n-us-ny
050 00 - LIBRARY OF CONGRESS CALL NUMBER
Classification number N8050
Item number .M48 1989
082 00 - DEWEY DECIMAL CLASSIFICATION NUMBER
Classification number 704.9/4853/0940747471
Edition information 20
092 ## - LOCALLY ASSIGNED DEWEY CALL NUMBER (OCLC)
Classification number 704.9 M48 1989
001 - CONTROL NUMBER
control field data
110 2# - MAIN ENTRY--CORPORATE NAME
Corporate name or jurisdiction name as entry element Metropolitan Museum of Art (New York, N.Y.)
245 14 - TITLE STATEMENT
Title The life of Christ :
Remainder of title images from the Metropolitan Museum of Art /
Statement of responsibility, etc. Metropolitan Museum of Art (New York, N.Y.) & Barbara Burn.
260 ## - PUBLICATION, DISTRIBUTION, ETC.
Place of publication, distribution, etc. New York :
Name of publisher, distributor, etc. C. Scribner,
-- C. Scribner,
Date of publication, distribution, etc. c1989.
300 ## - PHYSICAL DESCRIPTION
Extent 95 p. :
Other physical details col. ill. ;
Dimensions 30 cm.
500 ## - GENERAL NOTE
General note Companion volume to The Christmas story published by Metropolitan Museum of Art.
600 00 - SUBJECT ADDED ENTRY--PERSONAL NAME
Personal name Jesus Christ
General subdivision Catalogs.
-- Catalogs.
610 20 - SUBJECT ADDED ENTRY--CORPORATE NAME
Corporate name or jurisdiction name as entry element Metropolitan Museum of Art (New York, N.Y.)
General subdivision Catalogs.
650 #0 - SUBJECT ADDED ENTRY--TOPICAL TERM
Topical term or geographic name entry element Art
Geographic subdivision New York
-- New York
General subdivision Catalogs.
700 1# - ADDED ENTRY--PERSONAL NAME
Personal name Burn, Barbara,
Dates associated with a name 1940-
906 ## - LOCAL DATA ELEMENT F, LDF (RLIN)
a 7
b cbc
c orignew
d 1
e ocip
f 19
g y-gencatlg
991 ## -
-- c-GenColl
-- N8050
-- .M48 1989
-- Copy 1
-- BOOKS
991 ## -
-- c-GenColl
-- N8050
-- .M48 1989
-- 00011175594
-- Copy 2
-- CCF
Holdings
Withdrawn status Lost status Damaged status Not for loan Home library Current library Shelving location Date acquired Total checkouts Full call number Barcode Date last seen Price effective from Koha item type
        Centerville Centerville General stacks 22/03/2026   704.9/4853/0940747471 20 BC0011004 22/03/2026 22/03/2026 Books